000 00952cab a2200241 4500
001 ABS59946
008 090401t1999 xxu||||| |||| 00| 0 eng d
035 _a(Sirsi) u90851
041 _aeng
245 2 _aA crisis over grazing
260 _c1999
350 _a0
490 _aEnglish Nature Magazine
_v(41) January 1999, 8-10(3)
520 _aSuccessful wildlife management requires a balanced level of grazing, however the recent crisis in farming has meant that many managers are finding it difficult to maintain land effectively for wildlife. Looks at the implications of the grazing crisis for wildlife.
650 _aPROPERTY-RURAL AND NATURAL ASSETS-AGRICULTURAL PROPERTY-AGRICULTURAL LAND-GRAZING LAND
650 _aGRAZING
650 _aLIVESTOCK FARMING
650 _aSITES OF SPECIAL SCIENTIFIC INTEREST
650 _aWILDLIFE MANAGEMENT
690 _aENVIRONMENTAL AND LAND CONSULTANCY
942 _n0
948 _c21/01/1999
999 _c57630
_d57630